Amateur telescope making (Record no. 7589)

MARC details
000 -LEADER
fixed length control field 00568nam a2200181Ia 4500
003 - CONTROL NUMBER IDENTIFIER
control field IN-BaIIA
008 - FIXED-LENGTH DATA ELEMENTS--GENERAL INFORMATION
fixed length control field 211028s9999 xx 000 0 eng d
040 ## - CATALOGING SOURCE
Transcribing agency IIA Library
080 ## - UNIVERSAL DECIMAL CLASSIFICATION NUMBER
Universal Decimal Classification number 520.2
Item number ING-2
245 #0 - TITLE STATEMENT
Title Amateur telescope making
Remainder of title book two
Statement of responsibility, etc. edited by Albert G. Ingalls
260 ## - PUBLICATION, DISTRIBUTION, ETC.
Place of publication, distribution, etc. U S A
Name of publisher, distributor, etc. Scientific American
Date of publication, distribution, etc. 1972
300 ## - PHYSICAL DESCRIPTION
Extent vi, 650p.
500 ## - GENERAL NOTE
General note Donated by Mrs. Bappu
650 ## - SUBJECT ADDED ENTRY--TOPICAL TERM
Topical term or geographic name entry element Astronomical Telescopes
9 (RLIN) 2016
650 ## - SUBJECT ADDED ENTRY--TOPICAL TERM
Topical term or geographic name entry element Astronomy and Astrophysics Thesaurus
700 ## - ADDED ENTRY--PERSONAL NAME
Personal name Ingalls, Albert G ed
942 ## - ADDED ENTRY ELEMENTS (KOHA)
Koha item type Books
Holdings
Withdrawn status Lost status Damaged status Not for loan Home library Current library Shelving location Date acquired Total Checkouts Full call number Barcode Date last seen Price effective from Koha item type
        IIA Library-Bangalore IIA Library-Bangalore General Stacks 20/07/1983   520.2/ ING-2 8403 05/11/2021 20/07/1983 Books

Powered by Koha